Bhutan czy Nepal? - Statystyki

Ogólne statystyki
  • Ten quiz został rozwiązany 2 444 razy
  • Średni wynik to 10 z 15
Statystyki odpowiedzi
Zagadnienie Odpowiedź % Poprawnych
Część Mount Everestu leży na jego terytorium Nepal
94%
Jego przydomek to „Kraina Gromowego Smoka”. Bhutan
91%
Ma nieprostokątną flagę Nepal
88%
Katmandu jest jego stolicą Nepal
85%
Ma większą populację Nepal
83%
Graniczy z Chinami i Indiami Oba
80%
Jest dalej na wschód Bhutan
76%
Jest monarchią Bhutan
64%
Zgodnie z konstytucją celem rządu jest „szczęście narodowe brutto” Bhutan
64%
Ma średnią wysokość ponad 1500 metrów Oba
63%
Jego językiem urzędowym jest dzongkha Bhutan
62%
Jego stolica nie ma żadnych sygnalizacji świetlnych Bhutan
61%
Nie ma ambasady USA Bhutan
58%
Według tradycji urodził się tam Siddhartha Gautama (Budda). Nepal
55%
Większość jego obywateli to buddyści Bhutan
23%
Nie znaleziono quizów pasujących do podanych kryteriów
Rozkład punktacji
Procent ludzi z każdym wynikiem
Percentyl według liczby udzielonych odpowiedzi
Twoja historia wyników
Nie rozwiązałeś tego quizu